Équipes reléguées des 5 meilleures ligues 2023-24 - Statistiques

Statistiques générales
  • Ce quiz a été pris 53 fois
  • Le résultat moyen est 6 sur 14
Statistiques - réponses
Nation Réponse % Correct
Ligue 1 Metz
90%
Ligue 1 Clermont Foot
88%
Ligue 1 Lorient
71%
Premier League Burnley
62%
Premier League Luton Town
60%
La Liga Cadíz
40%
Premier League Sheffield United
40%
La Liga Almería
36%
Serie A Salernitana
31%
Serie A Sassuolo
29%
Serie A Frosinone
24%
Bundesliga Darmstadt 98
21%
Bundesliga FC Köln
19%
La Liga Granada
12%
Aucun quiz correspondant
Distribution des résultats
% des personnes avec chaque résultat
Percentile par nombre de réponses
Votre historique - résultats
Vous n’avez pas pris ce quiz